00256nam a2200109Ia 4500008004100000020001500041100002500056245002000081250000800101260002900109300000800138211105s9999 xx 000 0 und d aVYASA06806 aMothilal Banarsidass 0aKadhasaritsagar a2nd bMotilal banarsidass c\N a596